000 00589nam a22002177a 4500
003 UA-OsUOA
001 55951
007 ta
008 20080924b un ||||| |||| 00| 0 ukr d
100 _aНічосова Т.
090 _a330
_bН71
942 _cSA
040 _aUA-OsUOA
_bukr
_cUA-OsUOA
_dUA-OsUOA
245 _aСистемні трансформації ринку корпоративних облігацій України
300 _aС.24-31
955 _a0
041 _aukr
080 _a330
773 0 _w55948
650 7 _a330 Економіка взагалі
_2UDC
999 _c341968
_d341968